Normal view
MARC view
Entry Personal Name
001 - CONTROL NUMBER
- control field: 7705
003 - CONTROL NUMBER IDENTIFIER
- control field: OSt
005 - DATE AND TIME OF LATEST TRANSACTION
- control field: 20190802112131.0
008 - FIXED-LENGTH DATA ELEMENTS
- fixed length control field: 190802|| aca||aabn | a|a d
040 ## - CATALOGING SOURCE
- Original cataloging agency: OSt
- Transcribing agency: OSt
100 ## - HEADING--PERSONAL NAME
- Personal name: Bain, Alison L.
670 ## - SOURCE DATA FOUND
- Source citation: Work cat.: (OSt): Bain, Alison L., Artists, temporality, and the governance of collaborative place-making, 2019
